[Event "European Individual Chess Championship"]
[Site "Minsk BLR"]
[Date "2017.06.03"]
[EventDate "2017.05.30"]
[Round "5.49"]
[Result "1-0"]
[White "Gawain Jones"]
[Black "Haik M Martirosyan"]
[WhiteElo "2654"]
[BlackElo "2516"]
[PlyCount "119"]

1. Nf3 Nf6 2. g3 d5 3. Bg2 g6 4. c4 c6 5. b3 Bg7 6. Bb2 O-O
7. O-O Bg4 8. h3 Bxf3 9. Bxf3 e6 10. Qc2 Nbd7 11. d3 Re8
12. e3 a5 13. Nc3 Nb6 14. Rac1 a4 15. Nxa4 Nxa4 16. bxa4 dxc4
17. Qxc4 Nd7 18. Bxg7 Kxg7 19. Qb4 Qf6 20. Be2 Ra7 21. Rc4 Qe7
22. Rb1 Qxb4 23. Rcxb4 Nf6 24. Rxb7 Rxa4 25. Rc7 Nd5 26. Rxc6
Rxa2 27. Bf3 Ra5 28. Rd6 Nf6 29. Rb7 Raa8 30. Rdb6 Kf8 31. d4
Re7 32. Rxe7 Ra1+ 33. Kg2 Kxe7 34. g4 Ra5 35. h4 h5 36. Rb7+
Kf8 37. g5 Nd5 38. Rb8+ Kg7 39. Bxd5 Rxd5 40. Rc8 Ra5 41. Rd8
Ra1 42. e4 Re1 43. f3 Rd1 44. d5 exd5 45. exd5 Rd2+ 46. Kg3
Rd3 47. d6 Rd4 48. Kh3 Rd3 49. Kg2 Rd2+ 50. Kg3 Rd4 51. f4
Rd3+ 52. Kf2 Rd5 53. Ke3 Rd1 54. Ke4 Rd2 55. Ke5 Re2+ 56. Kd5
Rd2+ 57. Kc6 Rc2+ 58. Kd7 Rc4 59. Ra8 Rxf4 60. Kc6 1-0

[Event "European Individual Chess Championship"]
[Site "Minsk BLR"]
[Date "2017.06.06"]
[EventDate "2017.05.30"]
[Round "7.57"]
[Result "0-1"]
[White "Andrei Volokitin"]
[Black "Haik M Martirosyan"]
[WhiteElo "2649"]
[BlackElo "2516"]
[PlyCount "73"]

1. e4 c6 2. d4 d5 3. e5 Bf5 4. Nf3 e6 5. Be2 Ne7 6. O-O h6
7. c3 Nd7 8. Nbd2 a5 9. a4 g5 10. Re1 Bg7 11. Nf1 Qc7 12. Ng3
Bg6 13. Bd3 c5 14. Bxg6 Nxg6 15. Nh5 Bf8 16. h3 Be7 17. Ng7+
Kf8 18. Nh5 Ra6 19. Be3 c4 20. Nh2 f5 21. exf6 Nxf6 22. b3
cxb3 23. Rb1 Rb6 24. Nxf6 Bxf6 25. Rxb3 Kg7 26. Ng4 Re8
27. Rxb6 Qxb6 28. c4 dxc4 29. Nxf6 Kxf6 30. d5 Qb4 31. Bd2 Qb3
32. Qh5 Qd3 33. Rd1 Qf5 34. Bc3+ e5 35. d6 b6 36. Qxh6 Qc2
37. Rd2 0-1

[Event "European Individual Chess Championship"]
[Site "Minsk BLR"]
[Date "2017.06.07"]
[EventDate "2017.05.30"]
[Round "8.47"]
[Result "1/2-1/2"]
[White "Haik M Martirosyan"]
[Black "Arturs Neiksans"]
[WhiteElo "2516"]
[BlackElo "2599"]
[PlyCount "151"]

1. d4 Nf6 2. c4 e6 3. Nf3 b6 4. g3 Ba6 5. Qa4 Bb7 6. Bg2 c5
7. dxc5 bxc5 8. O-O Be7 9. Rd1 O-O 10. Nc3 Qb6 11. Bf4 Rd8
12. Rd2 d6 13. Rad1 a6 14. h3 h6 15. g4 Qc7 16. Bg3 Nc6
17. Qc2 Rac8 18. b3 Rd7 19. Qb1 Rcd8 20. e4 Nh7 21. Na4 e5
22. h4 Nd4 23. Nc3 Nf8 24. Nxd4 cxd4 25. Nd5 Bxd5 26. exd5 Ng6
27. h5 Nf8 28. f4 Bf6 29. Qf5 exf4 30. Bxf4 Be5 31. g5 Bxf4
32. Qxf4 hxg5 33. Qxg5 Nh7 34. Qh4 Re7 35. h6 g6 36. Qxd4 Re5
37. Re2 Rde8 38. Rde1 Nf6 39. b4 Kh7 40. Rxe5 dxe5 41. Qh4 Nh5
42. c5 Nf4 43. Qf6 Kxh6 44. Bf3 Qb8 45. Re4 Qc8 46. Rxe5 Nh3+
47. Kg2 Rxe5 48. Qxe5 Ng5 49. Qf4 f6 50. c6 Qh3+ 51. Kf2 Kg7
52. Qc7+ Kh6 53. Qf4 Kg7 54. Bg2 Qc3 55. c7 Nf7 56. d6 Qc2+
57. Ke1 Qc3+ 58. Qd2 Qg3+ 59. Kf1 Nxd6 60. c8=Q Nxc8 61. Qd7+
Kh6 62. Qxc8 Qd3+ 63. Kg1 Qd4+ 64. Kf1 Qd3+ 65. Kf2 Qd4+
66. Ke2 Qb2+ 67. Kf3 Qa3+ 68. Ke4 f5+ 69. Kf4 Qxb4+ 70. Kg3
Qd6+ 71. Kh3 Qd3+ 72. Kh2 Qd6+ 73. Kh1 Qd1+ 74. Kh2 Qd6+
75. Kg1 Qd4+ 76. Kh2 1/2-1/2

[Event "European Individual Chess Championship"]
[Site "Minsk BLR"]
[Date "2017.06.08"]
[EventDate "2017.05.30"]
[Round "9.46"]
[Result "1/2-1/2"]
[White "Evgeny Alekseev"]
[Black "Haik M Martirosyan"]
[WhiteElo "2610"]
[BlackElo "2516"]
[PlyCount "192"]

1. e4 e6 2. d4 d5 3. Nc3 Bb4 4. a3 Bxc3+ 5. bxc3 dxe4 6. Qg4
Nf6 7. Qxg7 Rg8 8. Qh6 c5 9. Ne2 Nc6 10. dxc5 Rg6 11. Qh4 Rg4
12. Qh6 Rg6 13. Qe3 Ng4 14. Qxe4 Qd1+ 15. Kxd1 Nxf2+ 16. Ke1
Nxe4 17. Ng3 Nxc5 18. Be2 b6 19. Bh5 Bb7 20. Bxg6 hxg6 21. Kf2
O-O-O 22. Re1 e5 23. Be3 Na4 24. Rad1 Rh8 25. Ne4 Kc7 26. Nf6
Bc8 27. Kg1 Nxc3 28. Rd3 Na4 29. Bf2 Bf5 30. Rf3 Kd6 31. g4
Be6 32. Bg3 Nb2 33. Ne4+ Ke7 34. Ng5 f6 35. Nxe6 Kxe6 36. g5
fxg5 37. Re4 b5 38. Rg4 Nd4 39. Rf1 Ne2+ 40. Kh1 Rh5 41. Bxe5
Kxe5 42. Re1 Kd5 43. Rxe2 Nc4 44. Reg2 Nxa3 45. Rxg5+ Rxg5
46. Rxg5+ Kd4 47. h4 Nxc2 48. Rxb5 Ne1 49. Kh2 Ke4 50. Kg3 Nd3
51. Ra5 Ne5 52. Rxa7 Kf5 53. Ra6 Nf7 54. Ra5+ Ne5 55. Rb5 Kf6
56. Kf4 Nf7 57. Rb6+ Kg7 58. Ra6 Kh6 59. Rc6 Kg7 60. Rb6 Kh6
61. Ra6 Kg7 62. Kg4 Ne5+ 63. Kf4 Nf7 64. Rc6 Kh6 65. Rc7 Kg7
66. Ke4 Kf6 67. Rc6+ Kg7 68. Kd5 Nh6 69. Ke5 Nf7+ 70. Ke4 Nh6
71. Kf4 Nf7 72. Ra6 Kh6 73. Ra7 Kg7 74. Ke4 Kf6 75. Ra6+ Kg7
76. Kd5 Nh6 77. Ke5 Ng4+ 78. Ke6 Kh6 79. Ra8 Kg7 80. Ra4 Ne3
81. Rf4 Nf5 82. Rg4 Kh6 83. Kf6 Kh5 84. Rxg6 Nxh4 85. Rg5+ Kh6
86. Rg1 Kh5 87. Rg3 Kh6 88. Rg5 Nf3 89. Rd5 Nh4 90. Rb5 Nf3
91. Rb3 Nh4 92. Rg3 Kh5 93. Rg8 Nf3 94. Kf5 Nh4+ 95. Kf4 Ng6+
96. Rxg6 Kxg6 1/2-1/2

[Event "European Individual Chess Championship"]
[Site "Minsk BLR"]
[Date "2017.06.09"]
[EventDate "2017.05.30"]
[Round "10.55"]
[Result "1-0"]
[White "Haik M Martirosyan"]
[Black "Kirill Alekseenko"]
[WhiteElo "2516"]
[BlackElo "2585"]
[PlyCount "81"]

1. e4 c5 2. Nf3 d6 3. Bb5+ Nd7 4. d4 cxd4 5. Qxd4 a6 6. Bxd7+
Bxd7 7. c4 Bg4 8. Qd3 Rc8 9. b3 b5 10. Nbd2 Qa5 11. O-O Nf6
12. Nd4 g6 13. Nc2 d5 14. e5 Bf5 15. Qd4 Bg7 16. Ne3 dxc4
17. Nxf5 gxf5 18. bxc4 Ng4 19. f4 O-O 20. Nb3 Qa4 21. c5 Rfd8
22. Qc3 Qe4 23. Re1 b4 24. Rxe4 bxc3 25. Re1 a5 26. Nxa5 c2
27. Nb3 Rd5 28. Bb2 Rd3 29. Bd4 Bh6 30. g3 f6 31. e6 Kh8
32. Rac1 Bxf4 33. gxf4 Rg8 34. Kf1 Nxh2+ 35. Ke2 Rf3 36. Rg1
Rd8 37. Be3 Rh3 38. Rxc2 Ng4 39. Bf2 Rdd3 40. c6 Rdf3 41. Rg2
1-0

[Event "European Individual Chess Championship"]
[Site "Minsk BLR"]
[Date "2017.06.10"]
[EventDate "2017.05.30"]
[Round "11.30"]
[Result "1-0"]
[White "Haik M Martirosyan"]
[Black "Ivan Salgado Lopez"]
[WhiteElo "2516"]
[BlackElo "2627"]
[PlyCount "75"]

1. Nf3 c5 2. c4 Nc6 3. Nc3 g6 4. e3 Nf6 5. d4 cxd4 6. exd4 d5
7. cxd5 Nxd5 8. Bc4 Nb6 9. Bb3 Bg7 10. O-O O-O 11. Be3 Bg4
12. h3 Bf5 13. d5 Na5 14. Bd4 Nxb3 15. axb3 f6 16. Bc5 Re8
17. Re1 e5 18. dxe6 Qxd1 19. Nxd1 Nd5 20. Nd4 Nf4 21. Nxf5
gxf5 22. Bxa7 Nd3 23. Re3 Ne5 24. Nc3 f4 25. Re4 f5 26. Rxf4
Rxe6 27. Rxf5 Nc6 28. Nb5 Re2 29. Rd1 Rxb2 30. Rd7 Be5 31. f4
Rxb3 32. Rg5+ Kh8 33. fxe5 Rxb5 34. Be3 Rd8 35. Rf7 Rg8
36. Rgf5 Re8 37. Bh6 Ne7 38. Rxe7 1-0

[Event "World Junior Championship"]
[Site "Tarvisio ITA"]
[Date "2017.11.13"]
[EventDate "2017.11.13"]
[Round "1.12"]
[Result "0-1"]
[White "Viachaslau Zarubitski"]
[Black "Haik M Martirosyan"]
[WhiteElo "2344"]
[BlackElo "2561"]
[PlyCount "66"]

1. e4 c6 2. Nf3 d5 3. Nc3 Nf6 4. e5 Ne4 5. Ne2 Qb6 6. d4 e6
7. Ng3 c5 8. c3 Nc6 9. Bd3 Nxg3 10. hxg3 cxd4 11. cxd4 Bd7
12. Kf1 Rc8 13. g4 Nb4 14. Bxh7 Nd3 15. g3 Nxb2 16. Bxb2 Qxb2
17. Kg2 Qa3 18. Rb1 b6 19. Qd2 Be7 20. Ng5 Rf8 21. Rb3 Qa5
22. Qf4 Ba4 23. Rf3 Kd7 24. Nxf7 Bb5 25. g5 Qxa2 26. Bb1 Qb2
27. g6 a5 28. Qg4 Kc6 29. Rf4 a4 30. Nd6 Be2 31. Qh3 Bxd6
32. exd6 Rxf4 33. gxf4 Qxd4 0-1

[Event "World Junior Championship"]
[Site "Tarvisio ITA"]
[Date "2017.11.14"]
[EventDate "2017.11.13"]
[Round "2.6"]
[Result "1-0"]
[White "Haik M Martirosyan"]
[Black "Xiongjian Peng"]
[WhiteElo "2561"]
[BlackElo "2412"]
[PlyCount "89"]

1. d4 Nf6 2. c4 e6 3. Nc3 Bb4 4. Qc2 b6 5. a3 Bxc3+ 6. Qxc3
Bb7 7. Bg5 O-O 8. e3 d6 9. Ne2 Nbd7 10. Qc2 e5 11. d5 c6
12. dxc6 Bxc6 13. Rd1 Qc7 14. Nc3 d5 15. cxd5 Bxd5 16. f3 Be6
17. Rc1 Qb7 18. Be2 Rac8 19. e4 Nc5 20. Be3 Rfd8 21. Bxc5 bxc5
22. Nd1 Nd7 23. O-O c4 24. Ne3 Qb6 25. Qc3 Nc5 26. Qb4 Nb3
27. Rc3 Qd4 28. Rd1 Nd2 29. Kh1 Rb8 30. Qa5 h6 31. h3 Rxb2
32. Nxc4 Bxc4 33. Rxc4 Qb6 34. Rc5 Rb1 35. Rxb1 Qxb1+ 36. Kh2
Qb8 37. Rb5 Qc8 38. Qxa7 Qc3 39. Qa5 Qd4 40. Rxe5 Nb3 41. Qc7
Kh8 42. Re7 Rf8 43. Rxf7 Rxf7 44. Qxf7 Qe5+ 45. f4 1-0

[Event "World Junior Championship"]
[Site "Tarvisio ITA"]
[Date "2017.11.15"]
[EventDate "2017.11.13"]
[Round "3.5"]
[Result "1/2-1/2"]
[White "Nichita Morozov"]
[Black "Haik M Martirosyan"]
[WhiteElo "2467"]
[BlackElo "2561"]
[PlyCount "87"]

1. e4 e6 2. d4 d5 3. Nc3 Bb4 4. e5 c5 5. Bd2 Ne7 6. a3 Bxc3
7. Bxc3 b6 8. Bb5+ Bd7 9. Bd3 Nbc6 10. Nf3 Qb8 11. dxc5 bxc5
12. O-O h6 13. b4 cxb4 14. axb4 Nxb4 15. Rb1 a5 16. Bd2 O-O
17. Qe2 Qc7 18. Bxb4 axb4 19. Rxb4 Nc6 20. Rbb1 Rfb8 21. c4
dxc4 22. Bxc4 Rxb1 23. Rxb1 Ra5 24. Re1 Nb4 25. h3 Rc5 26. Bd3
Nxd3 27. Qxd3 Bc6 28. Nd4 Bd5 29. Qd2 Qb7 30. f4 Rc4 31. Rd1
Ra4 32. Qf2 Ra2 33. Rd2 Qb1+ 34. Kh2 Ra1 35. Kg3 Qh1 36. Nf3
Rf1 37. Rxd5 Rxf2 38. Rd8+ Kh7 39. Kxf2 Qc1 40. Kg3 Qc7
41. Rd4 Kg8 42. Ra4 Qb7 43. Rd4 Kf8 44. Rd8+ 1/2-1/2

[Event "World Junior Championship"]
[Site "Tarvisio ITA"]
[Date "2017.11.16"]
[EventDate "2017.11.13"]
[Round "4.8"]
[Result "1-0"]
[White "Haik M Martirosyan"]
[Black "Aryan Gholami"]
[WhiteElo "2561"]
[BlackElo "2483"]
[PlyCount "63"]

1. e4 c5 2. Nf3 e6 3. g3 d5 4. exd5 exd5 5. d4 Nc6 6. Bg2 Bg4
7. O-O cxd4 8. h3 Bh5 9. Re1+ Be7 10. g4 Bg6 11. Nxd4 Nf6
12. c4 O-O 13. cxd5 Nb4 14. Nc3 Nd3 15. Re3 Nxc1 16. Rxc1 Bd6
17. Qf3 Qb6 18. Nf5 Bxf5 19. Qxf5 Rfe8 20. Rxe8+ Rxe8 21. g5
Qxb2 22. Qb1 Qd2 23. Nb5 Bg3 24. fxg3 Nh5 25. Kh2 g6 26. Nd6
Nxg3 27. Nxe8 Qf4 28. Nf6+ Kg7 29. Qb2 Ne2+ 30. Kh1 Ng3+
31. Kg1 Qe3+ 32. Kh2 1-0

[Event "World Junior Championship"]
[Site "Tarvisio ITA"]
[Date "2017.11.17"]
[EventDate "2017.11.13"]
[Round "5.5"]
[Result "1/2-1/2"]
[White "Daniil Yuffa"]
[Black "Haik M Martirosyan"]
[WhiteElo "2527"]
[BlackElo "2561"]
[PlyCount "71"]

1. d4 Nf6 2. c4 e6 3. g3 d5 4. Bg2 Bb4+ 5. Nd2 O-O 6. Nf3 b6
7. O-O Bb7 8. a3 Be7 9. cxd5 exd5 10. b4 Re8 11. Ne5 Nbd7
12. Bb2 Bd6 13. Ndc4 Ne4 14. Nxd6 cxd6 15. Nd3 b5 16. f3 Nef6
17. Bc1 Nb6 18. g4 Nfd7 19. Qe1 Rc8 20. Ra2 Rc4 21. Qf2 Qc8
22. g5 Rc2 23. Rxc2 Qxc2 24. Nf4 Nf8 25. e4 Qxf2+ 26. Kxf2 Ng6
27. Nxg6 hxg6 28. e5 dxe5 29. dxe5 Rxe5 30. Re1 Rxe1 31. Kxe1
Nc4 32. Ke2 Kf8 33. Kd3 Ke7 34. Kd4 Kd6 35. f4 f5 36. Bf1
1/2-1/2

[Event "World Junior Championship"]
[Site "Tarvisio ITA"]
[Date "2017.11.19"]
[EventDate "2017.11.13"]
[Round "6.5"]
[Result "1/2-1/2"]
[White "Haik M Martirosyan"]
[Black "Evgeny Zanan"]
[WhiteElo "2561"]
[BlackElo "2471"]
[PlyCount "128"]

1. d4 Nf6 2. c4 e6 3. Nf3 d5 4. g3 Bb4+ 5. Bd2 Bd6 6. Bg2 c6
7. O-O Nbd7 8. Bg5 h6 9. Bxf6 Nxf6 10. Nbd2 O-O 11. Qc2 b6
12. e4 Be7 13. e5 Nd7 14. cxd5 cxd5 15. Rfc1 Ba6 16. a3 Qc8
17. Qc7 Rd8 18. Rc3 Qxc7 19. Rxc7 Kf8 20. Bf1 Bxf1 21. Kxf1
Ke8 22. Rac1 Rdb8 23. Ne1 Kd8 24. Nd3 Rc8 25. Rxc8+ Rxc8
26. Ra1 Nb8 27. Ke2 Nc6 28. Nb3 a5 29. Ke3 Kd7 30. Rc1 h5
31. f4 g6 32. Nd2 Bd8 33. h3 Ne7 34. Rxc8 Kxc8 35. g4 hxg4
36. hxg4 Kd7 37. Nf3 Ke8 38. Nc1 Ng8 39. Kf2 Nh6 40. Kg3 Kd7
41. Ne2 Kc6 42. Nc3 b5 43. b3 Be7 44. a4 bxa4 45. bxa4 Kd7
46. Nd1 Ng8 47. Ne3 Ba3 48. Ng5 f6 49. Nh7 fxe5 50. dxe5 Ke7
51. Ng5 Bc5 52. Ng2 Kd7 53. Nh7 Ke8 54. Nf6+ Kf7 55. Nxg8 Kxg8
56. f5 gxf5 57. gxf5 Kf7 58. f6 Bd4 59. Kf4 Bg1 60. Kf3 Bd4
61. Kf4 Bg1 62. Kg4 Bd4 63. Kf4 Bg1 64. Kg5 Bd4 1/2-1/2

[Event "World Junior Championship"]
[Site "Tarvisio ITA"]
[Date "2017.11.20"]
[EventDate "2017.11.13"]
[Round "7.7"]
[Result "1-0"]
[White "Semen Lomasov"]
[Black "Haik M Martirosyan"]
[WhiteElo "2490"]
[BlackElo "2561"]
[PlyCount "87"]

1. e4 c6 2. d4 d5 3. e5 Bf5 4. h4 a6 5. Nc3 h6 6. g4 Bd7
7. Be3 e6 8. h5 c5 9. Nge2 Nc6 10. f4 cxd4 11. Nxd4 Nxd4
12. Qxd4 Ne7 13. Qd2 Nc6 14. Qf2 Be7 15. Bb6 Qb8 16. O-O-O O-O
17. Qd2 Rc8 18. Kb1 d4 19. Ne4 Nb4 20. Qxd4 Ba4 21. b3 Bc6
22. c4 a5 23. Rh2 a4 24. a3 Nc2 25. Rxc2 axb3 26. Rcd2 Rxa3
27. Nd6 Rf8 28. Qb2 Qa8 29. Bc5 Ra6 30. Qxb3 Ba4 31. Qb2 Bxd1
32. Rxd1 b6 33. Bg2 Qb8 34. Bb4 f6 35. Bc6 Qc7 36. Be4 Ra4
37. Qb3 Qa7 38. Nb5 Rxb4 39. Qxb4 Bxb4 40. Nxa7 fxe5 41. fxe5
Rf4 42. Rd8+ Bf8 43. Bg6 Rxc4 44. Nc8 1-0

[Event "World Junior Championship"]
[Site "Tarvisio ITA"]
[Date "2017.11.21"]
[EventDate "2017.11.13"]
[Round "8.14"]
[Result "1-0"]
[White "Haik M Martirosyan"]
[Black "Tomas Sosa"]
[WhiteElo "2561"]
[BlackElo "2469"]
[PlyCount "81"]

1. d4 Nf6 2. c4 g6 3. Nf3 Bg7 4. g3 O-O 5. Bg2 d6 6. Nc3 Nc6
7. O-O Bg4 8. d5 Na5 9. b3 c5 10. Bb2 a6 11. h3 Bxf3 12. exf3
Rb8 13. a4 e6 14. dxe6 fxe6 15. Re1 Re8 16. Rb1 Nc6 17. f4 Nd4
18. Ne2 Nf5 19. Kh2 Qd7 20. a5 b5 21. axb6 Rxb6 22. Ng1 Ne7
23. Nf3 Nc6 24. Ng5 Nb4 25. Re3 Kh8 26. Qd2 h6 27. Nf3 Kh7
28. Rbe1 Re7 29. Nh4 d5 30. f5 g5 31. Ng6 d4 32. Re5 Re8
33. Rxc5 exf5 34. Rxe8 Nxe8 35. Ne5 Qe7 36. Bxd4 Rd6 37. Qxb4
Rxd4 38. Nc6 Qd6 39. Nxd4 Bxd4 40. Qb7+ Ng7 41. Rxf5 1-0

[Event "World Junior Championship"]
[Site "Tarvisio ITA"]
[Date "2017.11.22"]
[EventDate "2017.11.13"]
[Round "9.10"]
[Result "1/2-1/2"]
[White "Johan Salomon"]
[Black "Haik M Martirosyan"]
[WhiteElo "2476"]
[BlackElo "2561"]
[PlyCount "61"]

1. Nf3 Nf6 2. g3 d5 3. Bg2 c6 4. O-O Bf5 5. d3 e6 6. Nh4 Bg4
7. h3 Bh5 8. f4 Nfd7 9. Qe1 Be7 10. Nf3 Bxf3 11. Bxf3 O-O
12. e4 dxe4 13. dxe4 e5 14. f5 Na6 15. a3 Nac5 16. h4 a5
17. Kg2 b5 18. Rh1 Nb6 19. g4 f6 20. Rh3 a4 21. Nd2 Qd4
22. Nf1 Rad8 23. g5 Qc4 24. Ne3 Qd4 25. Nf1 Qc4 26. Ne3 Qd4
27. Nf1 Qc4 28. Ne3 Qd4 29. Nf1 Qc4 30. Ne3 Qd4 31. Nf1
1/2-1/2

[Event "World Junior Championship"]
[Site "Tarvisio ITA"]
[Date "2017.11.24"]
[EventDate "2017.11.13"]
[Round "10.9"]
[Result "1/2-1/2"]
[White "Haik M Martirosyan"]
[Black "Shardul Gagare"]
[WhiteElo "2561"]
[BlackElo "2482"]
[PlyCount "74"]

1. d4 Nf6 2. c4 e6 3. Nf3 d5 4. g3 Bb4+ 5. Bd2 Be7 6. Bg2 O-O
7. O-O c6 8. Na3 Nbd7 9. Rc1 Ne4 10. Be3 Bd6 11. Nc2 b6
12. Nce1 Ba6 13. cxd5 cxd5 14. Nd3 Rc8 15. Qa4 Bc4 16. Nfe5
Bxe5 17. dxe5 Nec5 18. Qa3 a5 19. Bd4 Qc7 20. Nf4 Qb8 21. b3
Ba6 22. Qb2 Rc7 23. Qd2 Qd8 24. Qe3 Qe7 25. Rc3 Rfc8 26. Rfc1
Bb5 27. h4 h6 28. Bf3 Rc6 29. Kg2 Qd8 30. Nh5 Ne4 31. Rxc6
Rxc6 32. Rxc6 Bxc6 33. Qf4 Qf8 34. Qc1 Qc8 35. Qf4 Qf8 36. Qg4
Kh7 37. Qf4 Kg8 1/2-1/2

[Event "World Junior Championship"]
[Site "Tarvisio ITA"]
[Date "2017.11.25"]
[EventDate "2017.11.13"]
[Round "11.9"]
[Result "0-1"]
[White "Luca Moroni Jr"]
[Black "Haik M Martirosyan"]
[WhiteElo "2506"]
[BlackElo "2561"]
[PlyCount "70"]

1. c4 e5 2. Nc3 Nf6 3. g3 d5 4. cxd5 Nxd5 5. Bg2 Nb6 6. d3 Be7
7. a3 O-O 8. Nf3 Nc6 9. b4 Be6 10. Bb2 f6 11. Rc1 Qd7 12. O-O
a5 13. b5 Na7 14. a4 c6 15. bxc6 Nxc6 16. Nb5 Rac8 17. Nd2 Nb4
18. Ne4 Rxc1 19. Bxc1 Rc8 20. Nec3 f5 21. Be3 N6d5 22. Nxd5
Nxd5 23. Bd2 b6 24. Qb1 Bc5 25. Qb2 Re8 26. Rc1 Bf7 27. Bxa5
Bxf2+ 28. Kxf2 bxa5 29. Qc2 e4 30. dxe4 fxe4 31. Bxe4 Qh3
32. Bg2 Qxh2 33. e4 Rf8 34. Nd4 Nb4 35. Nf3 Qh6 0-1